000 00787nam a22002177a 4500
999 _c17874
_d17874
003 AR-CdUCM
008 190510b ||||| |||| 00| 0 spa d
040 _aMUNICIPALIDAD PROVINCIAL DEL CUSCO
_cBIBLIOTECA MUNICIPAL DEL CUSCO
082 _a621 /
_bM26
100 _aMuslin, E.
_938078
245 _aMaquinas del siglo XX /
260 _aMoscu :
_bMir,
_c1974.
300 _a314 páginas ;
_c19 cm.
505 _aContenido : Los materiales - carne y sangre de las maquinas modernas -- ¿Que nos dice los ruidos de las maquinas? -- Gigantes de la construcción de maquinaria moderna ...
650 _aConstrucción
_94996
650 _aMaquinas
_919799
650 _aSiglo XX
_98
700 _aMashkova, G. (Traducción)
_938079
942 _2ddc
_cLIBROS
945 _arah
_d10/05/2019